The earth and the stars /

Bibliographic Details
Main Author: Abbot, C. G. (Charles Greeley), 1872-1973
Format: Book
Language:English
Published: New York : D. Van Nostrand company, 1925.
Series:Library of modern sciences.
Subjects:

MARC

Tag First Indicator Second Indicator Subfields
LEADER 00000cam a2200000 4500
001 in00000050301
005 20151007065846.0
008 750304s1925 nyu 00000 eng u
010 |a  25019101  
035 |a (OCoLC)01198943 
035 |9 AAE2837AM 
040 |c OTC  |d TXA  |d UtOrBLW 
049 |a TXAM  |c [33981] 
050 0 |a QB44  |b .A2 
092 |a 523  |b A126e 
100 1 |a Abbot, C. G.  |q (Charles Greeley),  |d 1872-1973. 
245 1 4 |a The earth and the stars /  |c by C. G. Abbot ... 
264 1 |a New York :  |b D. Van Nostrand company,  |c 1925. 
300 |a xi, 264 pages :  |b frontispiece, illustrations, plates, portraits, maps, diagrams ;  |c 22 cm. 
336 |a text  |b txt  |2 rdacontent 
337 |a unmediated  |b n  |2 rdamedia 
338 |a volume  |b nc  |2 rdacarrier 
490 1 |a Library of modern sciences 
650 0 |a Astronomy. 
830 0 |a Library of modern sciences. 
999 |a MARS 
999 f f |s ad786efd-d48f-3b66-ba32-32084aa07371  |i f105d7b1-dcc0-3673-a522-2f38b288ea9d  |t 0 
952 f f |p ric  |a Texas A&M University  |b Rellis Campus  |c Joint Library Facility  |d Remote Storage  |t 0  |e QB44 .A2  |h Library of Congress classification  |i unmediated -- volume  |m A14800899545 
998 f f |a QB44 .A2  |t 0  |l Remote Storage